[Event "Zadar op-A 22nd"]
[Site "Zadar"]
[Date "2015.12.18"]
[Round "8"]
[White "Mihalinec, Damir"]
[Black "Jusic, Zdenko"]
[Result "1/2-1/2"]
[WhiteElo "2266"]
[BlackElo "2297"]
[PlyCount "67"]
[EventDate "2015.12.13"]
[EventType "swiss"]
[EventRounds "9"]
[EventCountry "CRO"]
[SourceTitle "EXT 2017"]
[Source "ChessBase"]
[SourceDate "2016.10.25"]
[SourceVersion "1"]
[SourceVersionDate "2016.10.25"]
[SourceQuality "1"]

1. c4 g6 2. Nc3 Bg7 3. g3 c5 4. Bg2 Nc6 5. Nf3 d6 6. 0-0 Nh6 7. d3 Nf5 8. Rb1 0-0 9. a3 a5 10. Bd2 Bd7 11. Re1 h6 12. e3 e6 13. Nb5 d5 14. b4 cxb4 15. e4 Nfe7 16. axb4 dxe4 17. dxe4 Nxb4 18. Bxb4 axb4 19. Rxb4 Qa5 20. Rb3 Bc6 21. Qd6 Qa2 22. Rbe3 Nc8 23. Qc5 Ra5 24. R1e2 Qb1+ 25. Re1 Qc2 26. Nfd4 Bxd4 27. Qxd4 Bxb5 28. cxb5 Rxb5 29. Rc3 Qb2 30. Rec1 Ne7 31. Qf6 Nc6 32. Bf1 Rc5 33. R1c2 Qa1 34. Rc1 1/2-1/2

[Event "Zadar op-A 22nd"]
[Site "Zadar"]
[Date "2015.12.14"]
[Round "2"]
[White "Muha, Miljenko"]
[Black "Mihalinec, Damir"]
[Result "0-1"]
[WhiteElo "2320"]
[BlackElo "2266"]
[PlyCount "122"]
[EventDate "2015.12.13"]
[EventType "swiss"]
[EventRounds "9"]
[EventCountry "CRO"]
[SourceTitle "EXT 2017"]
[Source "ChessBase"]
[SourceDate "2016.10.25"]
[SourceVersion "1"]
[SourceVersionDate "2016.10.25"]
[SourceQuality "1"]

1. d4 Nf6 2. c4 g6 3. Nc3 d5 4. cxd5 Nxd5 5. e4 Nxc3 6. bxc3 Bg7 7. Bb5+ c6 8. Ba4 0-0 9. Ne2 Bg4 10. f3 Be6 11. Bb3 Bxb3 12. axb3 e5 13. Be3 Na6 14. 0-0 exd4 15. Bxd4 Bxd4+ 16. Qxd4 Qxd4+ 17. Nxd4 Kg7 18. Rf2 Rfd8 19. Rfa2 Rd6 20. Kf2 Rad8 21. Kg3 R8d7 22. Rc1 h6 23. h4 h5 24. Kf4 Nc5 25. Ke3 b5 26. Rd2 b4 27. cxb4 Rxd4 28. Rxd4 Rxd4 29. bxc5 Rb4 30. Rc3 Kf6 31. Rd3 Ke7 32. Kd2 Rb5 33. Rc3 Ke6 34. Kc2 Ke5 35. g3 f5 36. Rc4 f4 37. gxf4+ Kxf4 38. b4 a5 39. bxa5 Rxa5 40. Kd3 Ra1 41. Rc3 Kxf3 42. e5 Kf4 43. Rc2 Re1 44. Rg2 Rxe5 45. Rxg6 Rxc5 46. Kd4 Rd5+ 47. Kc4 Ke3 48. Rg5 Rd4+ 49. Kc5 Rxh4 50. Kxc6 Kf4 51. Rg8 Rg4 52. Rf8+ Ke4 53. Re8+ Kf3 54. Kd5 h4 55. Rh8 Kg3 56. Ke5 h3 57. Kf5 Rh4 58. Rg8+ Kf3 59. Ra8 h2 60. Ra3+ Ke2 61. Ra2+ Kd3 0-1

[Event "Pula op 29th"]
[Site "Pula"]
[Date "2015.06.18"]
[Round "7"]
[White "Plenca, Jadranko"]
[Black "Mihalinec, Damir"]
[Result "1-0"]
[WhiteElo "2363"]
[BlackElo "2255"]
[PlyCount "65"]
[EventDate "2015.06.13"]
[EventType "swiss"]
[EventRounds "9"]
[EventCountry "CRO"]
[SourceTitle "CBM 167 Extra"]
[Source "ChessBase"]
[SourceDate "2015.09.14"]
[SourceVersion "1"]
[SourceVersionDate "2015.09.14"]
[SourceQuality "1"]

1. e4 c5 2. Nf3 d6 3. Bb5+ Nd7 4. 0-0 a6 5. Bxd7+ Qxd7 6. d4 cxd4 7. Qxd4 e6 8. c4 Ne7 9. Rd1 Nc6 10. Qd3 Be7 11. Bf4 e5 12. Be3 f5 13. Nc3 Nb4 14. Qe2 fxe4 15. Nxe4 0-0 16. Bc5 Nc6 17. Bxd6 Bxd6 18. Nxd6 Nd4 19. Nxd4 Qxd6 20. Nf3 Qg6 21. Nxe5 Qf6 22. Nd7 Bxd7 23. Rxd7 Rae8 24. Qd2 Re5 25. Rd1 b5 26. cxb5 Rxb5 27. b3 Rg5 28. Rd8 Rxg2+ 29. Kxg2 Qf3+ 30. Kg1 Qg4+ 31. Kf1 Qh3+ 32. Ke1 Qe6+ 33. Qe2 1-0

[Event "CRO-CupT final"]
[Site "Sibenik"]
[Date "2015.05.21"]
[Round "2.13"]
[White "Mihalinec, Damir"]
[Black "Bozanic, Ivica"]
[Result "1-0"]
[WhiteElo "2210"]
[BlackElo "2197"]
[PlyCount "109"]
[EventDate "2015.05.20"]
[EventType "team-swiss"]
[EventRounds "6"]
[EventCountry "CRO"]
[SourceTitle "CBM 166 Extra"]
[Source "ChessBase"]
[SourceDate "2015.06.18"]
[SourceVersion "1"]
[SourceVersionDate "2015.06.18"]
[SourceQuality "1"]
[WhiteTeam "Samobor"]
[BlackTeam "Primosten"]
[WhiteTeamCountry "CRO"]
[BlackTeamCountry "CRO"]

1. c4 g6 2. Nc3 Bg7 3. Nf3 d6 4. g3 e5 5. Bg2 Nc6 6. Rb1 a5 7. a3 f5 8. d3 Nf6 9. 0-0 0-0 10. b4 axb4 11. axb4 h6 12. b5 Ne7 13. e4 f4 14. d4 exd4 15. Nxd4 Nh5 16. Nce2 g5 17. gxf4 Nxf4 18. Nxf4 gxf4 19. Kh1 Ng6 20. Nf5 Bxf5 21. exf5 Rxf5 22. Bxb7 Rb8 23. Be4 Rg5 24. Bxg6 Rxg6 25. Bxf4 Qh4 26. Qd5+ Kh7 27. Bg3 Qh3 28. Rg1 Rf8 29. Qe4 Qf5 30. Rbe1 Rg4 31. f4 h5 32. Kg2 Rg6 33. Qxf5 Rxf5 34. Kf3 Rc5 35. Rc1 d5 36. cxd5 Rxd5 37. Rxc7 Rxb5 38. Re1 Rb3+ 39. Re3 Rxe3+ 40. Kxe3 Re6+ 41. Kf3 Kg8 42. Rc5 Rh6 43. Bh4 Bf6 44. Rc6 Bg7 45. Rxh6 Bxh6 46. Bg5 Bf8 47. Ke4 Kf7 48. Kf5 Bc5 49. Bh4 Bg1 50. h3 Bb6 51. Kg5 Be3 52. Bg3 Ke6 53. Kg6 Kd5 54. Kxh5 Ke4 55. Kg4 1-0

[Event "CRO-CupT final"]
[Site "Sibenik"]
[Date "2015.05.20"]
[Round "1.11"]
[White "Rogic, Davor"]
[Black "Mihalinec, Damir"]
[Result "1-0"]
[WhiteElo "2557"]
[BlackElo "2210"]
[PlyCount "73"]
[EventDate "2015.05.20"]
[EventType "team-swiss"]
[EventRounds "6"]
[EventCountry "CRO"]
[SourceTitle "CBM 166 Extra"]
[Source "ChessBase"]
[SourceDate "2015.06.18"]
[SourceVersion "1"]
[SourceVersionDate "2015.06.18"]
[SourceQuality "1"]
[WhiteTeam "Slavonski Brod"]
[BlackTeam "Samobor"]
[WhiteTeamCountry "CRO"]
[BlackTeamCountry "CRO"]

1. e4 c5 2. Nf3 d6 3. d4 cxd4 4. Nxd4 Nf6 5. Nc3 g6 6. g3 Bg7 7. Bg2 0-0 8. 0-0 Nc6 9. Nde2 Rb8 10. a4 a6 11. Nd5 b5 12. axb5 axb5 13. Bg5 Re8 14. Nxf6+ exf6 15. Bf4 Ne5 16. Nd4 Qb6 17. b3 g5 18. Bc1 Bh3 19. Bxh3 Qxd4 20. Ra6 Qxe4 21. Bg2 Qf5 22. Rxd6 Rbc8 23. f4 gxf4 24. gxf4 Ng6 25. Rf2 Bf8 26. Rd5 Qe6 27. Kf1 Bb4 28. Bd2 Rxc2 29. f5 Qc8 30. fxg6 hxg6 31. Be3 Rc3 32. Re2 Kg7 33. Bd2 Rxe2 34. Bxc3 Rxg2 35. Bxf6+ Kxf6 36. Qd4+ Ke7 37. Qxb4+ 1-0

[Event "Zadar op-B 21th"]
[Site "Zadar"]
[Date "2014.12.14"]
[Round "1"]
[White "Mihalinec, Damir"]
[Black "Petricevic, Petar"]
[Result "1-0"]
[WhiteElo "2214"]
[BlackElo "1897"]
[PlyCount "75"]
[EventDate "2014.12.14"]
[EventType "swiss"]
[EventRounds "9"]
[EventCountry "CRO"]
[SourceTitle "EXT 2016"]
[Source "ChessBase"]
[SourceDate "2015.10.08"]
[SourceVersion "1"]
[SourceVersionDate "2015.10.08"]
[SourceQuality "1"]

1. c4 c5 2. Nf3 Nc6 3. g3 e6 4. Bg2 Nf6 5. 0-0 Be7 6. d4 cxd4 7. Nxd4 Nxd4 8. Qxd4 Qc7 9. Nc3 Bc5 10. Qd3 a6 11. Bf4 d6 12. a3 Nh5 13. Bd2 0-0 14. b4 Ba7 15. Ne4 Rd8 16. Rad1 f5 17. Nc3 Nf6 18. Bf4 Qf7 19. e4 Bb6 20. Bxd6 e5 21. exf5 Qd7 22. c5 Ba7 23. Qc4+ Qf7 24. Qxf7+ Kxf7 25. Bxe5 Bxf5 26. Bxb7 Rxd1 27. Rxd1 Re8 28. Bxf6 Kxf6 29. Bxa6 Bh3 30. Nd5+ Kg5 31. Nf4 Bg4 32. Rd5+ Kf6 33. Rd6+ Ke5 34. Be2 Bc8 35. Bb5 Rf8 36. Bd7 Ba6 37. Re6+ Kd4 38. Rxa6 1-0

[Event "Pula op 27th"]
[Site "Pula"]
[Date "2013.06.11"]
[Round "4"]
[White "Tratar, Marko"]
[Black "Mihalinec, Damir"]
[Result "1-0"]
[WhiteElo "2508"]
[BlackElo "2244"]
[PlyCount "31"]
[EventDate "2013.06.08"]
[EventType "swiss"]
[EventRounds "9"]
[EventCountry "CRO"]
[SourceTitle "CBM 154 Extra"]
[Source "ChessBase"]
[SourceDate "2013.06.25"]
[SourceVersion "2"]
[SourceVersionDate "2013.06.25"]
[SourceQuality "1"]

1. Nf3 Nf6 2. c4 c5 3. Nc3 g6 4. e4 Bg7 5. d4 cxd4 6. Nxd4 0-0 7. Be3 Nc6 8. Be2 d6 9. 0-0 Ng4 10. Bxg4 Bxg4 11. Nxc6 Bxd1 12. Nxd8 Bg4 13. Nxb7 a5 14. Nd5 Rfb8 15. Nc7 Bc8 16. Nd8 1-0

[Event "Zagreb op-A"]
[Site "Zagreb"]
[Date "2013.02.27"]
[Round "3"]
[White "Loncar, Robert"]
[Black "Mihalinec, Damir"]
[Result "1-0"]
[WhiteElo "2405"]
[BlackElo "2251"]
[PlyCount "101"]
[EventDate "2013.02.25"]
[EventType "swiss"]
[EventRounds "9"]
[EventCountry "CRO"]
[SourceTitle "CBM 153 Extra"]
[Source "ChessBase"]
[SourceDate "2013.04.22"]
[SourceVersion "1"]
[SourceVersionDate "2013.04.22"]
[SourceQuality "1"]

1. d4 Nf6 2. c4 g6 3. Nc3 d5 4. Nf3 Bg7 5. cxd5 Nxd5 6. e4 Nxc3 7. bxc3 0-0 8. Be2 c5 9. Be3 cxd4 10. cxd4 Nc6 11. 0-0 Bg4 12. d5 Ne5 13. Nxe5 Bxe2 14. Qxe2 Bxe5 15. Rab1 Qd7 16. Qb5 Qxb5 17. Rxb5 b6 18. f4 Bc3 19. Rc1 Rac8 20. Kf2 Bd4 21. Rbb1 Bxe3+ 22. Kxe3 Rfd8 23. Kd4 Kf8 24. e5 Ke8 25. g4 Kd7 26. f5 gxf5 27. gxf5 Rg8 28. Rxc8 Rg4+ 29. Ke3 Kxc8 30. e6 fxe6 31. dxe6 Kd8 32. h3 Ra4 33. Rg1 Ra3+ 34. Ke4 Rxh3 35. Rg8+ Kc7 36. f6 Rh6 37. f7 Rxe6+ 38. Kd3 Rd6+ 39. Kc3 Rc6+ 40. Kb3 Rf6 41. f8Q Rxf8 42. Rxf8 Kd6 43. Rh8 e5 44. Kc3 Kd5 45. Rxh7 a6 46. Kd3 e4+ 47. Ke3 Kc4 48. Rb7 Kc5 49. Kxe4 a5 50. a4 Kb4 51. Rxb6+ 1-0

[Event "Zadar op-B 19th"]
[Site "Zadar"]
[Date "2012.12.19"]
[Round "5"]
[White "Mihalinec, Damir"]
[Black "Berke, Ana"]
[Result "1-0"]
[WhiteElo "2235"]
[BlackElo "2151"]
[PlyCount "109"]
[EventDate "2012.12.16"]
[EventType "swiss"]
[EventRounds "9"]
[EventCountry "CRO"]
[SourceTitle "EXT 2014"]
[Source "ChessBase"]
[SourceDate "2013.11.20"]
[SourceVersion "1"]
[SourceVersionDate "2013.11.20"]
[SourceQuality "1"]

1. c4 e5 2. Nc3 Nf6 3. Nf3 Nc6 4. g3 Bb4 5. Bg2 0-0 6. 0-0 Re8 7. a3 Bxc3 8. bxc3 e4 9. Nd4 Ne5 10. Qb3 Qe7 11. Nf5 Qc5 12. Ne3 d6 13. Rb1 Rb8 14. Nd5 Nxc4 15. Nxf6+ gxf6 16. d3 exd3 17. exd3 Na5 18. Qa4 c6 19. d4 Qxc3 20. Bb2 Qd2 21. d5 b5 22. Qh4 Qg5 23. Qb4 Nc4 24. dxc6 a5 25. Qc3 Bf5 26. Rbd1 Be4 27. Qxf6 Qxf6 28. Bxf6 Bxg2 29. Kxg2 Rec8 30. Rd5 h6 31. Re1 Rxc6 32. Rh5 Kh7 33. g4 Kg6 34. Bd4 Nxa3 35. Re7 Nc2 36. Ba7 Ra8 37. Rxb5 Ra6 38. Rbb7 Rf8 39. f4 d5 40. Re2 Rc8 41. h4 d4 42. h5+ Kf6 43. Ree7 Rf8 44. Bb8 Ne3+ 45. Kf3 Nc4 46. Red7 Ra8 47. Ba7 Nd2+ 48. Ke2 Nb3 49. Rxb3 Rfe8+ 50. Kd2 Ke6 51. Rbb7 f5 52. gxf5+ Kxf5 53. Rxd4 Kg4 54. Rg7+ Kxh5 55. Rd5+ 1-0